| 000 | 01052cad a22002175a 4500 | ||
|---|---|---|---|
| 001 | L155445 | ||
| 008 | 120323s2011 xxk f s000 0 eng d | ||
| 035 | _a(Sirsi) u155445 | ||
| 041 | 0 | _aeng | |
| 100 | 1 | _aEmmett, Gary | |
| 110 | 2 |
_aTurner and Townsend _95813 |
|
| 245 | 0 | 0 |
_aInternational construction cost survey 2010-11 _ba year of stability _h[electronic resource] |
| 260 |
_aBrisbane _bTurner and Townsend plc _c2011 |
||
| 505 | 4 | _aIntroduction -- Country Overviews -- Australia -- Canada -- China -- Dubai and Abu Dhabi -- Germany -- India -- Ireland -- Malaysia -- The Netherlands -- Russia -- Singapore -- South Africa -- South Korea -- UK -- US -- Vietnam -- Contributors | |
| 520 | _aA detailed report comparing construction, material and labour costs and market conditions in the countries listed above. | ||
| 590 | _aKA NTK | ||
| 651 | 4 | _aInternational | |
| 690 |
_aCost management _96233 |
||
| 856 | 4 | 0 |
_uhttps://www.turnerandtownsend.com/821.html _zDownload the report (pdf) free of charge at www.turnerandtownsend.com |
| 942 | _n0 | ||
| 999 |
_c113578 _d113578 |
||